Same but different # 25 - Statistics

General Stats
  • This quiz has been taken 21 times
  • The average score is 11 of 15
Answer Stats
Clues Answer % Correct
A chess piece, or, a male ruler King
94%
That provided by a bulb, or, meaning not heavy Light
94%
A snag, or, to thumb a lift? Hitch
83%
Unit of speed for watercraft, or, a way of tying cords, rope, laces etc Knot
83%
An example of a prismatoid, or the Great One of Giza Pyramid
78%
Fee or one can be positive or negative Charge
72%
A battery holds this, or, can mean a 'rush' by a military group Charge
72%
A tri-bladed cooling device, or, an admiring member of the public Fan
72%
Produce something or a certain brand Make
72%
As a verb, means to 'send by mail', or, as a noun, is part of a gate or fence Post
72%
Twelve inches or the 'bottom' of something, a mountain, for example Foot
67%
Naval slang for a toilet, or shortened term for a schools' person in charge Head
67%
A type of fish, or a 70s/80s hairstyle for men Mullet
67%
Surname of John, of Mini™ fame, or a maker of barrels Cooper
56%
As seen on Queen Elizabeth pillar boxes, or, a sentence 'filler' in speech (thinking time?) Er
39%
No matching quizzes found
Score Distribution
Percent of People with Each Score
Percentile by Number Answered
Your Score History
You have not taken this quiz